Výskum odstraňovania sfarbenia a inhibičných účinkov v celulózo-papierenskom priemysle ozónom

Enregistré dans:
Détails bibliographiques
Auteur principal: Paprčiaková, Veronika (Auteur)
Autres auteurs: Derco, Ján (Directeur de thèse)
Format: Manuscrit Livre
Langue:slovaque
Publié: 2019
Sujets:
Accès en ligne:http://is.stuba.sk/zp/portal_zp.pl?podrobnosti=139869
Tags: Ajouter un tag
Pas de tags, Soyez le premier à ajouter un tag!

MARC

LEADER 00000ntm a22000003a 4500
001 stuzp74722
003 SK-STU
005 20190622212143.0
007 ta
008 150427s2015----xo-----f-mn---000-0-slo-d
040 |a STU  |b slo 
041 0 |a slo 
100 1 |a Paprčiaková, Veronika  |u 046290  |4 aut  |U FCHPT Ústav chemického a environmentálneho inžinierstva  |T FCHPT Oddelenie environmentálneho inžinierstva  |X 76444  |U C6290  |Y 120  |7 76444 
242 0 1 |a Investigation of decolourisation and inhibition effect of colours in pulp and paper industry with ozone  |y eng 
245 1 0 |a Výskum odstraňovania sfarbenia a inhibičných účinkov v celulózo-papierenskom priemysle ozónom 
260 |c 2019 
650 4 |a ozonizácia  |2 slo 
650 4 |a aktivovaný kal  |2 slo 
650 4 |a Cartasol Gelb  |2 slo 
650 4 |a Ecozol Blue  |2 slo 
650 4 |a PF  |2 slo 
650 4 |a odpadová voda  |2 slo 
650 4 |a PM3  |2 slo 
650 4 |a wastewater  |2 eng 
650 4 |a ozonation  |2 eng 
650 4 |a activated sludge  |2 eng 
650 4 |a Cartasol Gelb  |2 eng 
650 4 |a Ecozol Blue  |2 eng 
650 4 |a PF  |2 eng 
650 4 |a PM3  |2 eng 
700 1 |a Derco, Ján  |u 046290  |k Z1  |4 ths  |U FCHPT Ústav chemického a environmentálneho inžinierstva  |T FCHPT Oddelenie environmentálneho inžinierstva  |X 3304  |U C6290  |Y 120  |7 A000003304 
856 4 |u http://is.stuba.sk/zp/portal_zp.pl?podrobnosti=139869